000 00680nam a22001937a 4500
005 20251108165218.0
008 250721s1971 xx 000 0 ara d
082 1 4 _a818.04/زله
100 1 _aزلهايم، رودلف
245 1 0 _aالأمثال العربية القديمة مع إعتناء خاص بكتاب الأمثال لأبي عبيد /
264 1 _aبيروت :
_bمؤسسة الرسالة،
_c1971.
300 _a268ص
490 0 _aسلسلة مكتبة الأمثال العربية ؛ 1
650 1 7 _aالأدب العربي
650 1 7 _aالأمثال
700 1 _aعبد التواب، رمضان
_eترجمة
942 _2ddc
_cBK
999 _c22239
_d22239